Estadísticas para Fundadores Nacionales

Haz click aquí para intentar la prueba.

Estadísticas generales

  • Esta prueba ha sido intentada 893 veces
  • La puntuación promedio es 14 de 22

Estadísticas de respuestas

FundadorPaís% Correcto
George WashingtonEstados Unidos
100%
Mao ZedongChina
97%
Fernando e IsabelEspaña
93%
Mahatma GandhiIndia
93%
Otto von BismarckAlemania
87%
Gengis KanMongolia
87%
Hồ Chí MinhVietnam
85%
Giuseppe GaribaldiItalia
84%
Iván el TerribleRusia
83%
Guillermo de OrangePaíses Bajos
76%
Mustafá Kemal AtatürkTurquia
71%
Miguel Hidalgo y CostillaMéxico
63%
Harald INoruega
54%
Ciro II el GrandeIrán
53%
David Ben-GuriónIsrael
48%
ClodoveoFrancia
43%
Toussaint LouvertureHaití
42%
SukarnoIndonesia
38%
Muhammad Ali JinnahPakistán
32%
Esteban IHungría
31%
Pedro IBrasil
29%
Lee Kuan YewSingapur
29%

Distribución de puntuación

Porcentaje por número respondido

Porcentaje de gente con cada puntuación

Historial de tus puntuaciones

No has intentado esta prueba.